000 01158nam a2200229Ia 4500
003 Ost
005 20260507074928.0
008 260507s9999||||xx |||||||||||||| ||und||
040 _cfsecg
041 _aara
082 _a658.403
100 _aأحمد، نادر أبوشيحة
_eمؤلف
245 0 _aأصول التفاوض /
_c نادر أبوشيحة أحمد
250 _aطبعة 4
260 _aعمان:
_bدار المسيرة,
_c2011
300 _a397 صفحة؛
_bإيضاحات ؛
_c25 سم
504 _aببليوغرافيا: ص. 393
520 _aمفهوم و خصائص المفاوضات ، الشخصية و الثقافة و السلوك التفاوضي ، مبادئ التفاوض ، مناهج التفاوض الدافعية ، استخدام الفريق التفاوضي ، مهارات حل الصراع ، الاعداد للمفاوضات ، استراتيجيات التفاوض و تكتيكاته ، التكتيكات التفاوضية المضادة و اخيرا مفاوضات الرهان
653 _aالتسوية السليمة للمنازعات
653 _aالمفاوضات
942 _cكتاب
999 _c41839
_d41839